000 00339nam a2200109Ia 4500
008 171204s9999 xx 000 0 und d
245 _aBlender 3D: Designing Objects:
245 _cPierre-Armand Nicq and Romain Caudron
260 _c2016
650 _xAdvanced 3D Computer Animation
856 _uhttp://down.ebook777.com/057/1787122468.pdf
999 _c346241
_d346241